[Event "12th EUR-ch"]
[Site "Aix-les-Bains FRA"]
[Date "2011.03.30"]
[Round "8.5"]
[White "Volokitin, Andrei"]
[Black "Khairullin, Ildar"]
[Result "1/2-1/2"]
[WhiteElo "2677"]
[BlackElo "2634"]
[EventDate "2011.03.22"]
[PlyCount "48"]

1.d4 Nf6 2.c4 e6 3.g3 Bb4+ 4.Bd2 Bxd2+ 5.Nxd2 d6 6.Bg2 e5 7.e3 exd4 8.exd4
O-O 9.Ne2 d5 10.O-O Nc6 11.cxd5 Ne7 12.Nc3 Nexd5 13.Nxd5 Nxd5 14.Qb3 Nb6 
15.d5 Rb8 16.Rac1 c6 17.Ne4 cxd5 18.Nc3 d4 19.Nb5 a6 20.Nc7 Qd6 21.a4 Bg4 
22.a5 Nd7 23.f3 Bf5 24.Qd5 Qxd5 1/2-1/2

[Event "12th EUR-ch"]
[Site "Aix-les-Bains FRA"]
[Date "2011.03.30"]
[Round "8.6"]
[White "Iordachescu, Viorel"]
[Black "Moiseenko, Alexander"]
[Result "1-0"]
[WhiteElo "2626"]
[BlackElo "2673"]
[EventDate "2011.03.22"]
[PlyCount "75"]

1.e4 c5 2.Nf3 Nc6 3.d4 cxd4 4.Nxd4 e5 5.Nb5 d6 6.N1c3 a6 7.Na3 Be7 8.Be3 
b5 9.Nd5 Rb8 10.c4 b4 11.Nc2 Nf6 12.Qd3 O-O 13.Be2 Ng4 14.Bd2 Bg5 15.Rd1 
Nxf2 16.Kxf2 f5 17.Kg1 fxe4 18.Qxe4 b3 19.axb3 Rxb3 20.Bg4 Bxd2 21.Bxc8 
Bh6 22.Be6+ Kh8 23.h4 Qe8 24.Rh3 Rxb2 25.Bg4 a5 26.Rf3 Rxf3 27.Bxf3 Qb8 
28.Kh2 g6 29.h5 Kg7 30.Nce3 Qd8 31.Kg1 Qg5 32.Ng4 a4 33.Nc7 Nd8 34.Ne8+ 
Kf8 35.Nxd6 a3 36.Qa8 Qe7 37.Qxa3 Rd2 38.Nxh6 1-0

[Event "12th EUR-ch"]
[Site "Aix-les-Bains FRA"]
[Date "2011.03.30"]
[Round "8.7"]
[White "Lupulescu, Constantin"]
[Black "Nisipeanu, Liviu-Dieter"]
[Result "1/2-1/2"]
[WhiteElo "2626"]
[BlackElo "2673"]
[EventDate "2011.03.22"]
[PlyCount "30"]

1.e4 c6 2.d4 d5 3.Nc3 dxe4 4.Nxe4 Bf5 5.Ng3 Bg6 6.h4 h6 7.Nf3 Nd7 8.h5 Bh7
9.Bd3 Bxd3 10.Qxd3 Ngf6 11.Bd2 e6 12.O-O-O Qc7 13.Ne4 O-O-O 14.g3 Nc5 15.
Nxc5 Bxc5 1/2-1/2

[Event "12th EUR-ch"]
[Site "Aix-les-Bains FRA"]
[Date "2011.03.30"]
[Round "8.8"]
[White "Ragger, Markus"]
[Black "Kobalia, Mikhail"]
[Result "1-0"]
[WhiteElo "2614"]
[BlackElo "2672"]
[EventDate "2011.03.22"]
[PlyCount "145"]

1.d4 d5 2.c4 c6 3.Nc3 Nf6 4.e3 e6 5.Nf3 a6 6.Qc2 c5 7.cxd5 exd5 8.Be2 Be6 
9.O-O Nc6 10.Rd1 cxd4 11.Nxd4 Nxd4 12.Rxd4 Bc5 13.Rd1 Qe7 14.Bf3 Rd8 15.b3
O-O 16.Bb2 Rc8 17.Nxd5 Bxd5 18.Bxd5 Bxe3 19.Qe2 Nxd5 20.Rxd5 Bg5 21.Re5 
Qf6 22.Re1 Bf4 23.Re4 Qh6 24.g3 Bc1 25.Bd4 Qd6 26.b4 Ba3 27.Qg4 g6 28.Qh4 
h5 29.Qg5 Bxb4 30.Be5 Bd2 31.Bxd6 Bxg5 32.Bxf8 Kxf8 33.Rd1 Rc7 34.Rdd4 Bf6
35.Rc4 Rd7 36.Rc8+ Kg7 37.Kg2 Rd2 38.Rc7 b5 39.a3 a5 40.Rb7 Rb2 41.h3 Rb3 
42.Re3 Rxe3 43.fxe3 a4 44.Rxb5 Be7 45.Ra5 Bxa3 46.Rxa4 Bb2 47.Kf3 Be5 48.
Ra7 Bd6 49.g4 hxg4+ 50.hxg4 Be5 51.Ke4 Bc3 52.Kd5 Bd2 53.e4 Bc3 54.Rb7 Kf8
55.Kd6 Be1 56.Kd7 Bg3 57.Rb5 Bf4 58.Ra5 Bg3 59.Ra8+ Kg7 60.Ke8 Kf6 61.Ra6+
Kg7 62.Ra3 Be5 63.Rf3 f6 64.Ke7 Bd4 65.Ke6 Bb2 66.Rf1 Bd4 67.Rd1 Bc3 68.
Rd3 Bb2 69.Rd5 Kh6 70.Kf7 Bc3 71.Rb5 Bd4 72.g5+ fxg5 73.e5 1-0

[Event "12th EUR-ch"]
[Site "Aix-les-Bains FRA"]
[Date "2011.03.30"]
[Round "8.9"]
[White "Hammer, Jon Ludvig"]
[Black "Mamedov, Rauf"]
[Result "0-1"]
[WhiteElo "2606"]
[BlackElo "2667"]
[EventDate "2011.03.22"]
[PlyCount "86"]

1.d4 d6 2.Nf3 g6 3.c4 Bg7 4.Nc3 Nf6 5.e4 O-O 6.Be2 c5 7.O-O cxd4 8.Nxd4 
Nc6 9.Nc2 Nd7 10.Bd2 a5 11.Kh1 Nc5 12.f3 a4 13.Rc1 Be6 14.Be3 Ne5 15.Na3 
Nc6 16.Qd2 Qa5 17.Nab5 Ne5 18.Nd5 Bxd5 19.Qxd5 Nc6 20.Rb1 Nb4 21.Qd1 Qd8 
22.a3 Nc6 23.Qc2 Qa5 24.Rbd1 Rac8 25.Rd5 Ne5 26.f4 Ned7 27.Bg4 Nf6 28.Bxc8
Nxd5 29.exd5 Rxc8 30.Bxc5 Rxc5 31.Qe2 Qd8 32.Rc1 Qc8 33.Rc2 Qf5 34.g3 h5 
35.Kg2 h4 36.Rd2 Bf6 37.Nc3 h3+ 38.Kf3 Bxc3 39.bxc3 b5 40.Rd4 Rxc4 41.Rd3 
g5 42.Qe3 gxf4 43.g4 Qe5 0-1

[Event "12th EUR-ch"]
[Site "Aix-les-Bains FRA"]
[Date "2011.03.30"]
[Round "8.10"]
[White "Cheparinov, Ivan"]
[Black "Parligras, Mircea-Emilian"]
[Result "0-1"]
[WhiteElo "2664"]
[BlackElo "2598"]
[EventDate "2011.03.22"]
[PlyCount "48"]

1.e4 c5 2.Nf3 d6 3.d4 cxd4 4.Nxd4 Nf6 5.Nc3 a6 6.Be3 e6 7.g4 e5 8.Nf5 h5 
9.g5 Nxe4 10.Nxg7+ Bxg7 11.Nxe4 d5 12.Ng3 e4 13.c3 Nc6 14.Nxh5 Be5 15.f4 
exf3 16.Qxf3 d4 17.Bc4 Qe7 18.O-O-O dxe3 19.Rhf1 Be6 20.Nf6+ Kf8 21.Bxe6 
Qxe6 22.Qxe3 Bxf6 23.Qxe6 fxe6 24.Rxf6+ Ke7 0-1

[Event "12th EUR-ch"]
[Site "Aix-les-Bains FRA"]
[Date "2011.03.30"]
[Round "8.11"]
[White "Smeets, Jan"]
[Black "Svidler, Peter"]
[Result "1/2-1/2"]
[WhiteElo "2660"]
[BlackElo "2730"]
[EventDate "2011.03.22"]
[PlyCount "38"]

1.e4 e5 2.Nf3 Nc6 3.Bb5 a6 4.Bxc6 dxc6 5.O-O Be7 6.Qe2 Bf6 7.Rd1 Bg4 8.h3 
Bxf3 9.Qxf3 Ne7 10.b3 O-O 11.Bb2 c5 12.d3 Nc6 13.Qe2 g6 14.Nd2 Bg7 15.Rf1 
Qd7 16.Rae1 Rae8 17.Qd1 Nd4 18.Nf3 f5 19.Ba3 fxe4 1/2-1/2

[Event "12th EUR-ch"]
[Site "Aix-les-Bains FRA"]
[Date "2011.03.30"]
[Round "8.12"]
[White "Nepomniachtchi, Ian"]
[Black "Fridman, Daniel"]
[Result "1-0"]
[WhiteElo "2729"]
[BlackElo "2661"]
[EventDate "2011.03.22"]
[PlyCount "167"]

1.e4 e5 2.Nf3 Nf6 3.Nxe5 d6 4.Nf3 Nxe4 5.d4 d5 6.Bd3 Nc6 7.O-O Be7 8.Nc3 
Bf5 9.Re1 Nxc3 10.bxc3 Bxd3 11.Qxd3 O-O 12.Rb1 Rb8 13.Bf4 Qd7 14.Re2 a6 
15.Rbe1 Rbe8 16.Qe3 f6 17.Qe6+ Qxe6 18.Rxe6 Kf7 19.Bxc7 Ba3 20.Rxe8 Rxe8 
21.Rb1 b5 22.Kf1 g5 23.Nd2 Rc8 24.Bb6 Rb8 25.Bc5 Bxc5 26.dxc5 Rc8 27.Nb3 
Nd8 28.Rd1 Nb7 29.Rxd5 Ke6 30.Rd1 Nxc5 31.Nd4+ Kf7 32.Nf5 Ne4 33.Re1 Rc5 
34.Rxe4 Rxf5 35.Ke2 h5 36.c4 b4 37.Kd3 g4 38.c3 Rxf2 39.c5 f5 40.Re5 g3 
41.h4 Kf6 42.c6 Kxe5 43.c7 bxc3 44.c8=Q c2 45.Qc5+ Kf6 46.Qf8+ Ke6 47.Qg8+
Kd7 48.Qg7+ Kc8 49.Qh6 f4 50.Qxa6+ Kd7 51.Qb5+ Kd6 52.Qb4+ Kd7 53.Qd4+ Ke8
54.Qe5+ Kd7 55.Qd5+ Ke7 56.Qc5+ Kd7 57.Ke4 f3 58.gxf3 g2 59.Qxf2 c1=Q 60.
Qxg2 Qc4+ 61.Kf5 Qf7+ 62.Ke5 Qe7+ 63.Kf4 Qxh4+ 64.Kf5 Qd4 65.Qh3 Ke7 66.
Qxh5 Qd5+ 67.Kg6 Qg8+ 68.Kh6 Qh8+ 69.Kg5 Qf6+ 70.Kg4 Qe6+ 71.Qf5 Qxa2 72.
f4 Qa1 73.Kg5 Qg7+ 74.Qg6 Qa1 75.Qe4+ Kf8 76.Qf5+ Ke7 77.Kg6 Qa6+ 78.Kh7 
Qe2 79.Qg5+ Kf7 80.Qg7+ Ke8 81.Qg6+ Kf8 82.Qf6+ Ke8 83.Kg7 Qc4 84.Qf8+ 1-0

[Event "12th EUR-ch"]
[Site "Aix-les-Bains FRA"]
[Date "2011.03.30"]
[Round "8.13"]
[White "Gharamian, Tigran"]
[Black "Navara, David"]
[Result "1-0"]
[WhiteElo "2650"]
[BlackElo "2722"]
[EventDate "2011.03.22"]
[PlyCount "65"]

1.e4 c5 2.Nf3 d6 3.d4 cxd4 4.Nxd4 Nf6 5.Nc3 a6 6.Bg5 Nbd7 7.f4 Qc7 8.Qf3 
h6 9.Bxf6 Nxf6 10.f5 Qc5 11.O-O-O g5 12.e5 Qxe5 13.g3 g4 14.Qf2 h5 15.Kb1 
Bh6 16.Re1 Qc5 17.Bg2 Bd7 18.Qe2 O-O 19.Nb3 Qxf5 20.Rhf1 Qg5 21.Qxe7 Rae8 
22.Qxd6 Rxe1+ 23.Rxe1 Re8 24.Rxe8+ Bxe8 25.Bxb7 Qe3 26.a4 Qg1+ 27.Ka2 Bg7 
28.Qe7 Bd7 29.Nd5 Qf2 30.Qd8+ Kh7 31.Nxf6+ Qxf6 32.Qxf6 Bxf6 33.Nc5 1-0

[Event "12th EUR-ch"]
[Site "Aix-les-Bains FRA"]
[Date "2011.03.30"]
[Round "8.14"]
[White "Romanov, Evgeny"]
[Black "Jakovenko, Dmitry"]
[Result "0-1"]
[WhiteElo "2624"]
[BlackElo "2718"]
[EventDate "2011.03.22"]
[PlyCount "62"]

1.Nf3 d5 2.d4 Nf6 3.c4 e6 4.Nc3 c6 5.Bg5 h6 6.Bxf6 Qxf6 7.e3 g6 8.Be2 Bg7 
9.O-O O-O 10.e4 dxc4 11.Bxc4 Nd7 12.Re1 Qe7 13.e5 Rd8 14.Qe2 b5 15.Bb3 Bb7
16.Rac1 c5 17.Nxb5 Bxf3 18.Qxf3 cxd4 19.Nxd4 Nxe5 20.Qe4 Qb4 21.Red1 Rab8 
22.h3 Rd6 23.Qf4 Rbd8 24.Nxe6 Rxd1+ 25.Rxd1 Rxd1+ 26.Bxd1 Qe1+ 27.Kh2 fxe6
28.Bb3 Nd3 29.Qb8+ Kh7 30.Qxa7 Nxf2 31.Qf7 Qh1+ 0-1

[Event "12th EUR-ch"]
[Site "Aix-les-Bains FRA"]
[Date "2011.03.30"]
[Round "8.15"]
[White "Jobava, Baadur"]
[Black "Safarli, Eltaj"]
[Result "1-0"]
[WhiteElo "2707"]
[BlackElo "2628"]
[EventDate "2011.03.22"]
[PlyCount "75"]

1.d4 Nf6 2.c4 g6 3.Nc3 d5 4.Bg5 Ne4 5.h4 Bg7 6.cxd5 Nxc3 7.bxc3 Qxd5 8.e3 
h6 9.Bf4 e5 10.Bxe5 Bxe5 11.dxe5 Qxe5 12.Qd4 Nc6 13.Bb5 Bd7 14.Nf3 Qxd4 
15.cxd4 Ne5 16.Bxd7+ Nxd7 17.Ke2 c5 18.a4 Ke7 19.h5 Rac8 20.hxg6 fxg6 21.
a5 Rc7 22.Rab1 b6 23.axb6 axb6 24.g4 Ra7 25.Rb2 Rha8 26.Rxh6 Ra2 27.Rd2 
Nf6 28.Ne5 Rxd2+ 29.Kxd2 Ra2+ 30.Kd3 Rxf2 31.g5 Nd5 32.Nxg6+ Ke8 33.Rh8+ 
Kd7 34.Ne5+ Ke7 35.Rh7+ Ke6 36.Rh6+ Ke7 37.e4 Nb4+ 38.Ke3 1-0

[Event "12th EUR-ch"]
[Site "Aix-les-Bains FRA"]
[Date "2011.03.30"]
[Round "8.16"]
[White "Dreev, Aleksey"]
[Black "L'Ami, Erwin"]
[Result "1/2-1/2"]
[WhiteElo "2697"]
[BlackElo "2623"]
[EventDate "2011.03.22"]
[PlyCount "87"]

1.d4 Nf6 2.c4 e6 3.Nc3 Bb4 4.Qc2 O-O 5.a3 Bxc3+ 6.Qxc3 d5 7.Bg5 dxc4 8.
Qxc4 b6 9.Rd1 Ba6 10.Qa4 Bb7 11.f3 Nbd7 12.e4 Qc8 13.Rc1 c5 14.b4 Bc6 15.
Qc2 Qb7 16.Bd3 h6 17.Bf4 Rac8 18.b5 Bxe4 19.Bxe4 Nxe4 20.Qxe4 Qxe4+ 21.
fxe4 cxd4 22.Rc6 e5 23.Bd2 Rxc6 24.bxc6 Nc5 25.Bb4 Rc8 26.Bxc5 bxc5 27.Nf3
f6 28.Nd2 c4 29.Nxc4 Rxc6 30.Nb2 Rc1+ 31.Nd1 Ra1 32.O-O Rxa3 33.Nb2 Re3 
34.Ra1 Rxe4 35.Kf2 Re3 36.Nc4 Rc3 37.Nd6 Rc6 38.Nf5 Rc7 39.g4 Kf7 40.Kf3 
Kg6 41.Ng3 Rc3+ 42.Kf2 Rc2+ 43.Kf3 Rc3+ 44.Ke4 1/2-1/2

[Event "12th EUR-ch"]
[Site "Aix-les-Bains FRA"]
[Date "2011.03.30"]
[Round "8.17"]
[White "Sutovsky, Emil"]
[Black "Lenic, Luka"]
[Result "1-0"]
[WhiteElo "2692"]
[BlackElo "2623"]
[EventDate "2011.03.22"]
[PlyCount "73"]

1.e4 e5 2.Nf3 Nc6 3.Bb5 a6 4.Ba4 Nf6 5.O-O Be7 6.Re1 b5 7.Bb3 d6 8.c3 O-O 
9.h3 Na5 10.Bc2 c5 11.d4 Nd7 12.Kh1 Bb7 13.d5 Nc4 14.b3 Ncb6 15.a4 bxa4 
16.bxa4 a5 17.Na3 f5 18.exf5 Nxd5 19.Nb5 Kh8 20.c4 Nb4 21.Bb1 Nb6 22.Nd2 
Bf6 23.Qh5 d5 24.cxd5 N6xd5 25.Ne4 Nf4 26.Bxf4 exf4 27.Ng5 h6 28.Nf7+ Rxf7
29.Qxf7 Bd5 30.Qg6 f3 31.g4 Qd7 32.Rd1 Re8 33.Nd6 Re7 34.Ne4 Bxa1 35.f6 
Bxe4 36.Rxd7 Bxg6 37.fxe7 1-0

[Event "12th EUR-ch"]
[Site "Aix-les-Bains FRA"]
[Date "2011.03.30"]
[Round "8.19"]
[White "Ivanisevic, Ivan"]
[Black "Naiditsch, Arkadij"]
[Result "1-0"]
[WhiteElo "2617"]
[BlackElo "2684"]
[EventDate "2011.03.22"]
[PlyCount "61"]

1.d4 Nf6 2.c4 e6 3.Nc3 Bb4 4.Bg5 c5 5.d5 h6 6.Bh4 O-O 7.e3 b5 8.cxb5 exd5 
9.Bd3 Bb7 10.Ne2 d6 11.O-O Nbd7 12.a3 Ba5 13.Bb1 a6 14.b4 cxb4 15.axb4 
Bxb4 16.bxa6 Bxc3 17.Nxc3 Rxa6 18.Bf5 Nc5 19.Rb1 Re8 20.Qd4 Re5 21.Bc2 Ra8
22.f4 Re8 23.Rxb7 Nxb7 24.Nxd5 Qc8 25.Nxf6+ gxf6 26.Bb3 Qc5 27.Bxf7+ Kxf7 
28.Qxf6+ Kg8 29.Qg6+ Kf8 30.Qxh6+ Kg8 31.Bf6 1-0

[Event "12th EUR-ch"]
[Site "Aix-les-Bains FRA"]
[Date "2011.03.30"]
[Round "8.20"]
[White "McShane, Luke"]
[Black "Anisimov, Pavel"]
[Result "1-0"]
[WhiteElo "2683"]
[BlackElo "2532"]
[EventDate "2011.03.22"]
[PlyCount "115"]

1.e4 c5 2.Nc3 Nc6 3.Bb5 Nd4 4.Bc4 e6 5.Nge2 Ne7 6.O-O a6 7.Nxd4 cxd4 8.Ne2
Nc6 9.d3 Be7 10.f4 d5 11.Bb3 f5 12.exd5 exd5 13.Kh1 O-O 14.Ng1 Bf6 15.Bd2 
Qd6 16.Nf3 Bd7 17.Qe1 Kh8 18.Qf2 Be8 19.Rae1 Bh5 20.c3 dxc3 21.bxc3 Rae8 
22.Rxe8 Rxe8 23.d4 Bxf3 24.Qxf3 Rd8 25.g4 fxg4 26.Qxg4 Qd7 27.Qxd7 Rxd7 
28.Re1 Kg8 29.Re8+ Kf7 30.Rh8 h6 31.Bd1 Rd8 32.Rxd8 Bxd8 33.Bf3 Ke6 34.f5+
Kxf5 35.Bxd5 Ba5 36.Kg2 g5 37.Be1 g4 38.Kf1 Bc7 39.Kg2 Ba5 40.Kf1 Bc7 41.
Bg3 Ba5 42.c4 Bc3 43.Bf2 a5 44.Bg2 a4 45.Ke2 Bb2 46.d5 Nb4 47.d6 Ke6 48.c5
Nxa2 49.Bxb7 a3 50.Bc8+ Kd5 51.Bb7+ Kc4 52.c6 Nc3+ 53.Kf1 Nb5 54.c7 Nxd6 
55.Bg3 a2 56.Bxd6 a1=Q+ 57.Ke2 Kb5 58.c8=Q 1-0

[Event "12th EUR-ch"]
[Site "Aix-les-Bains FRA"]
[Date "2011.03.30"]
[Round "8.21"]
[White "Savchenko, Boris"]
[Black "Inarkiev, Ernesto"]
[Result "1/2-1/2"]
[WhiteElo "2616"]
[BlackElo "2674"]
[EventDate "2011.03.22"]
[PlyCount "121"]

1.b3 c5 2.Bb2 Nc6 3.c4 e5 4.d3 g6 5.Nc3 Bg7 6.g3 d6 7.Bg2 Be6 8.Nd5 Qd7 9.
Nf4 Bf5 10.e4 Nf6 11.Nh5 gxh5 12.exf5 O-O-O 13.Nf3 Qxf5 14.O-O Bh6 15.a3 
Rhe8 16.b4 Kb8 17.Rb1 Rc8 18.Re1 Nd7 19.Nh4 Qg4 20.Bf3 Qg5 21.Bxh5 Rg8 22.
Ng2 f5 23.Bf3 Qg6 24.bxc5 Nxc5 25.d4 exd4 26.Bxd4 f4 27.Bxc5 dxc5 28.Qd5 
fxg3 29.hxg3 Rge8 30.Qxc5 Rxe1+ 31.Rxe1 Bf8 32.Qb5 Bxa3 33.c5 Qf7 34.Rb1 
Bxc5 35.Bxc6 Bxf2+ 36.Kh1 Rc7 37.Bxb7 Rxb7 38.Qe5+ Kc8 39.Qh8+ Kc7 40.Qe5+
Kc8 41.Qh8+ Kc7 42.Rc1+ Kd6 43.Nf4 Bc5 44.Qc8 Rc7 45.Qa6+ Rc6 46.Qb5 Qe8 
47.Qd3+ Kc7 48.Nd5+ Kc8 49.Qxh7 Qd7 50.Qxd7+ Kxd7 51.Kg2 a5 52.Kf3 a4 53.
Ke4 a3 54.Kd3 Ke6 55.Nc3 Bd6 56.Kc2 Bxg3 57.Kb3 Bd6 58.Rc2 Rb6+ 59.Ka2 Rb7
60.Ne4 Kd5 61.Rd2+ 1/2-1/2

[Event "12th EUR-ch"]
[Site "Aix-les-Bains FRA"]
[Date "2011.03.30"]
[Round "8.22"]
[White "Zvjaginsev, Vadim"]
[Black "Wirig, Anthony"]
[Result "1/2-1/2"]
[WhiteElo "2663"]
[BlackElo "2480"]
[EventDate "2011.03.22"]
[PlyCount "37"]

1.e4 e6 2.d3 c5 3.Nf3 Nc6 4.g3 g6 5.Bg2 Bg7 6.O-O Nge7 7.c3 d5 8.Re1 h6 9.
Nbd2 b6 10.exd5 Nxd5 11.Nb3 a5 12.a4 Ra7 13.d4 Rd7 14.Qe2 cxd4 15.Nbxd4 
Nxd4 16.Nxd4 Bxd4 17.cxd4 Bb7 18.Qe5 Qf6 19.Bxd5 1/2-1/2

[Event "12th EUR-ch"]
[Site "Aix-les-Bains FRA"]
[Date "2011.03.30"]
[Round "8.23"]
[White "Gabrielian, Artur"]
[Black "Bologan, Viorel"]
[Result "1-0"]
[WhiteElo "2532"]
[BlackElo "2671"]
[EventDate "2011.03.22"]
[PlyCount "99"]

1.d4 Nf6 2.c4 c5 3.d5 b5 4.cxb5 a6 5.bxa6 g6 6.Nc3 Bxa6 7.Nf3 d6 8.e4 Bxf1
9.Kxf1 Nbd7 10.g3 Bg7 11.Kg2 O-O 12.h3 Qb6 13.Re1 Rfb8 14.e5 dxe5 15.Nxe5 
Nxe5 16.Rxe5 Qb7 17.Qf3 h6 18.Re2 Rd8 19.Be3 Nd7 20.Rd1 Ra6 21.Bf4 g5 22.
Bc1 Ne5 23.Qe4 c4 24.Kh2 Qd7 25.f4 f5 26.Qe3 Nd3 27.fxg5 h5 28.Qf3 h4 29.
gxh4 Bxc3 30.bxc3 Qxd5 31.Qxd5+ Rxd5 32.Rxe7 Rxa2+ 33.Kg3 Ra1 34.h5 f4+ 
35.Kh4 Raa5 36.h6 Rxg5 37.Bxf4 Rh5+ 38.Kg3 Rhf5 39.Rb1 Ra8 40.h7+ Kh8 41.
Be3 Rd5 42.Bd4+ Rxd4 43.cxd4 c3 44.Rc7 Rd8 45.Rxc3 Rxd4 46.Rd1 Nf4 47.Rxd4
Ne2+ 48.Kf3 Nxd4+ 49.Ke4 Ne6 50.Kf5 1-0

[Event "12th EUR-ch"]
[Site "Aix-les-Bains FRA"]
[Date "2011.03.30"]
[Round "8.24"]
[White "Caruana, Fabiano"]
[Black "Palac, Mladen"]
[Result "1/2-1/2"]
[WhiteElo "2716"]
[BlackElo "2586"]
[EventDate "2011.03.22"]
[PlyCount "85"]

1.d4 Nf6 2.c4 e6 3.g3 Bb4+ 4.Bd2 Be7 5.Bg2 d5 6.Nf3 O-O 7.O-O Nbd7 8.Qc2 
c6 9.Rd1 b6 10.Bf4 Ba6 11.Ne5 Rc8 12.Nc3 Bxc4 13.Nxc4 dxc4 14.e4 b5 15.a4 
a6 16.axb5 axb5 17.Ra6 Nb6 18.Ra7 Ra8 19.Rc7 Nh5 20.Rxc6 Nxf4 21.gxf4 b4 
22.Ne2 Rc8 23.d5 exd5 24.exd5 Bf6 25.Ng3 b3 26.Qe2 c3 27.bxc3 Na4 28.Ne4 
Nxc3 29.Nxc3 Bxc3 30.Bh3 Rxc6 31.dxc6 Qb8 32.Qc4 b2 33.Rb1 Ba5 34.Qd4 Qc7 
35.Bg2 Rb8 36.f5 Rb4 37.Qe3 Qd8 38.Qe2 h6 39.Rxb2 Rxb2 40.Qxb2 Qd1+ 41.Bf1
Qg4+ 42.Bg2 Qd1+ 43.Bf1 1/2-1/2

[Event "12th EUR-ch"]
[Site "Aix-les-Bains FRA"]
[Date "2011.03.30"]
[Round "8.25"]
[White "Fressinet, Laurent"]
[Black "Mastrovasilis, Dimitrios"]
[Result "1-0"]
[WhiteElo "2693"]
[BlackElo "2584"]
[EventDate "2011.03.22"]
[PlyCount "45"]

1.d4 Nf6 2.c4 e6 3.Nc3 d5 4.Bg5 Nbd7 5.e3 h6 6.Bxf6 Nxf6 7.Nf3 Be7 8.Bd3 
dxc4 9.Bxc4 a6 10.O-O c5 11.Ne5 O-O 12.Bb3 Qc7 13.Rc1 b6 14.f4 Bb7 15.f5 
Bd6 16.fxe6 Bxe5 17.exf7+ Kh8 18.dxe5 Qxe5 19.Ne2 Nd5 20.Qd3 Rad8 21.Rcd1 
Qe7 22.Bc2 Nf6 23.Nf4 1-0

[Event "12th EUR-ch"]
[Site "Aix-les-Bains FRA"]
[Date "2011.03.30"]
[Round "8.26"]
[White "Mikhalevski, Victor"]
[Black "Laznicka, Viktor"]
[Result "0-1"]
[WhiteElo "2584"]
[BlackElo "2688"]
[EventDate "2011.03.22"]
[PlyCount "175"]

1.d4 Nf6 2.c4 e6 3.g3 c5 4.d5 exd5 5.cxd5 b5 6.e4 Nxe4 7.Qe2 Qe7 8.Bg2 Nd6
9.Be3 Na6 10.Nc3 b4 11.Na4 Bb7 12.Nxc5 Nxc5 13.Bxc5 Ba6 14.Qxe7+ Bxe7 15.
Rc1 O-O 16.Nh3 Rae8 17.Kd1 Nc4 18.Bd4 b3 19.axb3 Na5 20.Rc7 Nxb3 21.Bc3 
Bc5 22.Rxd7 Bb5 23.Rc7 Bb6 24.Rb7 Nc5 25.Rxb6 axb6 26.Nf4 Ne4 27.Bxe4 Rxe4
28.Kc2 Rd8 29.h4 f6 30.Ra1 Ra4 31.Re1 Bc4 32.Rd1 Kf7 33.h5 Rd7 34.Rd4 Bb5 
35.Rd1 Re4 36.Ra1 Bc4 37.Rd1 Re8 38.Rd4 Rc8 39.d6 g5 40.hxg6+ hxg6 41.Nd3 
Be6 42.Kd2 Rc4 43.Rxc4 Bxc4 44.Bb4 g5 45.Ne1 Ke6 46.Nc2 Rh7 47.Ke3 Rh1 48.
Nd4+ Kd7 49.Nc2 Rd1 50.Nd4 Bg8 51.f4 Bh7 52.f5 Bg8 53.Nf3 Bd5 54.Nd2 Rg1 
55.Kd4 Bb7 56.Nc4 Kc6 57.Ne3 Rxg3 58.Kd3 Kd7 59.Bc3 Rf3 60.Bxf6 g4 61.Be5 
g3 62.Kd4 Bc6 63.b3 Bb7 64.f6 Ke6 65.d7 Kxd7 66.f7 Rxf7 67.Bxg3 Rf3 68.Be5
Kc6 69.Kd3 Bc8 70.Bd4 Be6 71.Kc3 Rh3 72.Kb2 Kb5 73.Kc3 Ka5 74.Kb2 Rf3 75.
Bc3+ Kb5 76.Bd4 Rf4 77.Bg7 Rb4 78.Nc2 Rxb3+ 79.Kc1 Kc4 80.Bf8 Bf5 81.Na3+ 
Kd5 82.Kd2 b5 83.Be7 Bh7 84.Bf8 b4 85.Nb5 Rb2+ 86.Ke3 b3 87.Nc3+ Kc4 88.
Nd1 0-1

[Event "12th EUR-ch"]
[Site "Aix-les-Bains FRA"]
[Date "2011.03.30"]
[Round "8.27"]
[White "Riazantsev, Alexander"]
[Black "Mamedov, Nidjat"]
[Result "1-0"]
[WhiteElo "2679"]
[BlackElo "2583"]
[EventDate "2011.03.22"]
[PlyCount "45"]

1.d4 Nf6 2.c4 g6 3.Nc3 Bg7 4.e4 d6 5.Nf3 O-O 6.h3 e5 7.d5 a5 8.g4 Na6 9.
Be3 h5 10.Be2 hxg4 11.Ng5 gxh3 12.Nxh3 Nh7 13.Qd2 f5 14.exf5 Bxf5 15.O-O-O
Qd7 16.Rh2 Rf7 17.Rdh1 Nb4 18.Ng5 Nxg5 19.Bxg5 e4 20.Qf4 Rff8 21.Rh7 Kf7 
22.a3 Ke8 23.Qe3 1-0

[Event "12th EUR-ch"]
[Site "Aix-les-Bains FRA"]
[Date "2011.03.30"]
[Round "8.28"]
[White "Motylev, Alexander"]
[Black "Jones, Gawain"]
[Result "1-0"]
[WhiteElo "2677"]
[BlackElo "2578"]
[EventDate "2011.03.22"]
[PlyCount "106"]

1.e4 c5 2.Nf3 Nc6 3.Bb5 g6 4.Bxc6 dxc6 5.d3 Bg7 6.h3 Nf6 7.Nc3 O-O 8.Bf4 
Nd7 9.Qd2 e5 10.Bh6 Qe7 11.Bxg7 Kxg7 12.O-O-O a5 13.Kb1 a4 14.Ne2 b5 15.
Rdg1 c4 16.h4 f6 17.Ng3 Nb6 18.d4 h5 19.a3 c5 20.dxe5 fxe5 21.Qe3 Ra6 22.
Qg5 Qxg5 23.hxg5 c3 24.Nxe5 Nc4 25.Nxc4 bxc4 26.f3 Rb6 27.Ne2 cxb2 28.Rd1 
Be6 29.Nc3 Rfb8 30.Rd2 Kf7 31.Rhd1 Ke7 32.Nd5+ Bxd5 33.Rxd5 Rc6 34.Rd7+ 
Kf8 35.R7d5 Kf7 36.Rd7+ Kf8 37.Re1 Ke8 38.Rd5 Ke7 39.f4 Rd6 40.Red1 Re6 
41.Rd7+ Kf8 42.e5 Rc6 43.g4 hxg4 44.Rh1 Kg8 45.Rdh7 Rf8 46.Kxb2 g3 47.Kc3 
g2 48.Rh8+ Kf7 49.Rxf8+ Kxf8 50.Rg1 Rb6 51.Rxg2 Rb1 52.Kxc4 Ra1 53.Rg3 Rf1
1-0

[Event "12th EUR-ch"]
[Site "Aix-les-Bains FRA"]
[Date "2011.03.30"]
[Round "8.29"]
[White "Sargissian, Gabriel"]
[Black "Halkias, Stelios"]
[Result "1/2-1/2"]
[WhiteElo "2676"]
[BlackElo "2579"]
[EventDate "2011.03.22"]
[PlyCount "109"]

1.d4 d5 2.c4 e6 3.Nc3 c5 4.cxd5 exd5 5.Nf3 Nc6 6.g3 Nf6 7.Bg2 Be7 8.O-O 
O-O 9.Bg5 c4 10.Ne5 Be6 11.b3 Qa5 12.Qd2 Rad8 13.bxc4 Nxd4 14.cxd5 Bb4 15.
Bxf6 gxf6 16.Qxd4 Bxc3 17.Nc4 Bxd4 18.Nxa5 Bxa1 19.dxe6 Bc3 20.e7 Bxa5 21.
exd8=Q Rxd8 22.Rb1 b6 23.Rc1 Rd7 24.Bh3 Re7 25.e3 Bb4 26.Rc4 Bc5 27.Bf5 h6
28.Kg2 Re5 29.Rg4+ Kf8 30.Bc2 Rd5 31.Kf1 Rd2 32.Rc4 Rd5 33.Ke2 Rh5 34.Be4 
Re5 35.Bd3 Rh5 36.Ra4 a5 37.Rf4 Kg7 38.h4 Rd5 39.a4 Rd8 40.Rf5 Rd7 41.g4 
Be7 42.f4 Rc7 43.Rd5 Kf8 44.Bb5 Rc2+ 45.Kf3 Rc3 46.Rd7 Ra3 47.Ke4 Bc5 48.
Kf5 Rxe3 49.Kxf6 Be7+ 50.Kf5 Bxh4 51.Rb7 Re6 52.Bc4 Rf6+ 53.Ke4 Bg3 54.f5 
Bh4 55.Bd5 1/2-1/2

[Event "12th EUR-ch"]
[Site "Aix-les-Bains FRA"]
[Date "2011.03.30"]
[Round "8.30"]
[White "Ter-Sahakyan, Samvel"]
[Black "Akopian, Vladimir"]
[Result "1/2-1/2"]
[WhiteElo "2575"]
[BlackElo "2675"]
[EventDate "2011.03.22"]
[PlyCount "56"]

1.e4 e5 2.Nf3 Nc6 3.Bb5 Nf6 4.d4 exd4 5.O-O a6 6.Ba4 Be7 7.Re1 b5 8.Bb3 d6
9.Bd5 Nxd5 10.exd5 Ne5 11.Nxd4 O-O 12.Nc3 Bg4 13.f3 Bd7 14.f4 Bg4 15.Nce2 
Nc4 16.b3 Nb6 17.Nc6 Qd7 18.Bb2 Rae8 19.h3 Bh5 20.Nxe7+ Qxe7 21.g4 Qe3+ 
22.Kg2 Qe4+ 23.Kh2 Qf3 24.gxh5 Re3 25.Ng1 Qxf4+ 26.Kh1 Qe4+ 27.Kh2 Qf4+ 
28.Kh1 Qe4+ 1/2-1/2

[Event "12th EUR-ch"]
[Site "Aix-les-Bains FRA"]
[Date "2011.03.30"]
[Round "8.31"]
[White "Grachev, Boris"]
[Black "Zhigalko, Andrey"]
[Result "1/2-1/2"]
[WhiteElo "2675"]
[BlackElo "2571"]
[EventDate "2011.03.22"]
[PlyCount "98"]

1.d4 Nf6 2.Nf3 g6 3.Bf4 Bg7 4.e3 O-O 5.Be2 d6 6.h3 b6 7.O-O Bb7 8.Bh2 Re8 
9.a4 Nc6 10.c3 e5 11.Bb5 e4 12.Nfd2 a6 13.Bxc6 Bxc6 14.c4 b5 15.Nc3 bxc4 
16.Nxc4 Bd5 17.Qe2 Qb8 18.Rfc1 Qb4 19.Nxd5 Nxd5 20.Rc2 Rab8 21.g4 Re6 22.
Nd2 Ra8 23.Rc6 Qxb2 24.Rb1 Qa2 25.Rxa6 Ree8 26.Rxa8 Rxa8 27.Qc4 Qxc4 28.
Nxc4 f5 29.a5 Ra7 30.gxf5 gxf5 31.Rb5 Ne7 32.d5 Kf7 33.Kg2 Ng6 34.Bg3 Be5 
35.Bxe5 Nxe5 36.Nxe5+ dxe5 37.Kg3 Kf6 38.Rc5 Kg5 39.h4+ Kh5 40.Kh3 h6 41.
Kg3 Ra6 42.Rxc7 Rxa5 43.d6 Rd5 44.Re7 f4+ 45.Kh3 Kg6 46.h5+ Kf6 47.exf4 
exf4 48.Rxe4 Rxh5+ 49.Kg4 Rd5 1/2-1/2

[Event "12th EUR-ch"]
[Site "Aix-les-Bains FRA"]
[Date "2011.03.30"]
[Round "8.32"]
[White "Nielsen, Peter Heine"]
[Black "Papin, Vasily"]
[Result "1-0"]
[WhiteElo "2670"]
[BlackElo "2569"]
[EventDate "2011.03.22"]
[PlyCount "75"]

1.c4 c6 2.e4 d5 3.exd5 cxd5 4.d4 Nf6 5.Nc3 e6 6.Nf3 Bb4 7.Bd3 O-O 8.cxd5 
Nxd5 9.O-O Nc6 10.a3 Ba5 11.Bg5 Qd6 12.Ne4 Qb8 13.Rc1 Bc7 14.Re1 Bf4 15.
Bxf4 Nxf4 16.Bb1 Rd8 17.Qc2 g6 18.Nf6+ Kg7 19.Qc3 Nd5 20.Nxd5 exd5 21.Ne5 
Be6 22.Qe3 Qd6 23.h4 Re8 24.Qf4 f6 25.Nxg6 Qd7 26.Qg3 hxg6 27.Qxg6+ Kf8 
28.Qxf6+ Qf7 29.Qh6+ Ke7 30.Bg6 Qg8 31.Rc3 Qh8 32.Rxe6+ Kxe6 33.Re3+ Kd7 
34.Bf5+ Kc7 35.Qf4+ Kb6 36.Rb3+ Ka5 37.Qd2+ Ka4 38.Bc2 1-0